000 00449nam a2200181Ia 4500
001 3493
005 20260306145647.0
008 260306t2009||||xx |||||||||||||| ||spa||
041 _aESP
082 _a280
_bS22
100 _aSánchez rojas, Gustavo
_eAUT
245 0 _aPara mi la vida es Cristo:
_buna aproximación a la teología de San Pablo
260 _c2009
300 _a
_c
650 _aGEN
654 _aCHU
942 _cLIB
_dJUS
_fJUS
_2ddc
_n
999 _c3493
_d3493